Welcome to WEB OPAC of MRSPTU Central Library

Discrete-time control systems (Record no. 5104)

MARC details
000 -LEADER
fixed length control field 00432nam a2200169Ia 4500
008 - FIXED-LENGTH DATA ELEMENTS--GENERAL INFORMATION
fixed length control field 230711s9999||||xx |||||||||||||| ||und||
020 ## - INTERNATIONAL STANDARD BOOK NUMBER
International Standard Book Number 978-81-203-2760-3
041 ## - LANGUAGE CODE
Language code of text/sound track or separate title ENG
082 ## - DEWEY DECIMAL CLASSIFICATION NUMBER
Classification number 621.317
Item number OG-D
100 ## - MAIN ENTRY--PERSONAL NAME
Personal name Ogata,Katsuhiko
245 #0 - TITLE STATEMENT
Title Discrete-time control systems
250 ## - EDITION STATEMENT
Edition statement 2nd Ed.
260 ## - PUBLICATION, DISTRIBUTION, ETC.
Date of publication, distribution, etc. 2011
Place of publication, distribution, etc. New Delhi
Name of publisher, distributor, etc. PHI Learning Private Limited
300 ## - PHYSICAL DESCRIPTION
Extent 745
650 ## - SUBJECT ADDED ENTRY--TOPICAL TERM
Topical term or geographic name entry element Electrical Engineering
942 ## - ADDED ENTRY ELEMENTS (KOHA)
Koha item type Book
Holdings
Withdrawn status Lost status Damaged status Not for loan Collection Home library Current library Date acquired Total checkouts Full call number Barcode Date last seen Price effective from Koha item type
          MRSPTU Central Library MRSPTU Central Library     621.317 OG-D 19162 08/17/2023 08/17/2023 Book

Website Designed and Developed by MRSPTU Central Library Team

E-mail Id: librarian@mrsptu.ac.in